| 000 | 00880nam a22002657i 4500 | ||
|---|---|---|---|
| 003 | DO-SdBNP | ||
| 005 | 20250610091350.0 | ||
| 007 | ta | ||
| 008 | 250520b1985 |||||||| |||| 00| 0 spa d | ||
| 040 |
_aDO-SdBNP _bspa _cBNPHU _erda |
||
| 041 | _hspa | ||
| 082 |
_axxx _bC735 _222 |
||
| 111 | 1 |
_aConcurso de Arte y Literatura Bancentral _cSanto Domingo, República Dominicana) _d27 : 2023 _987834 |
|
| 245 | 1 |
_aComo construir una vivienda con bloques de concreto : _brealizado por el programa de difusión y capacitación de tecnología apropiada |
|
| 264 |
_aSanto Domingo : _bCETAVIP, _c1985 |
||
| 300 |
_a15 páginas : _bilustraciones ; _c27 cm |
||
| 336 |
_ardacontent _btexto _2txt |
||
| 337 |
_ardamedia _bsin mediación _2n |
||
| 338 |
_ardacarrier _bvolumen _2nc |
||
| 590 | _aInventariado, 2025/DG | ||
| 650 | 4 | _911794 | |
| 650 | 4 | _9737 | |
| 910 | _aDG | ||
| 942 |
_2ddc _cLF2 |
||
| 999 |
_c59188 _d59188 |
||